<?xml version="1.0" encoding="UTF-8"?>
<collection xmlns:xsi="http://www.w3.org/2001/XMLSchema-instance" xsi:schemaLocation="http://www.loc.gov/MARC21/slim http://www.loc.gov/standards/marcxml/schema/MARC21slim.xsd" xmlns="http://www.loc.gov/MARC21/slim">
 <record>
  <leader>00000cas a22000004a 4500</leader>
  <controlfield tag="001">UP-99796217610554972</controlfield>
  <controlfield tag="003">Buklod</controlfield>
  <controlfield tag="005">20121214131438.0</controlfield>
  <controlfield tag="006">m    |q  d |      </controlfield>
  <controlfield tag="007">ta</controlfield>
  <controlfield tag="008">840123d19371977vaumr p|r ||||0   a0eng d</controlfield>
  <datafield tag="022" ind1="0" ind2=" ">
   <subfield code="a">0041-0675</subfield>
  </datafield>
  <datafield tag="035" ind1=" " ind2=" ">
   <subfield code="a">(iLib)UPD-00191511266</subfield>
  </datafield>
  <datafield tag="040" ind1=" " ind2=" ">
   <subfield code="a">NOC</subfield>
   <subfield code="c">NOC</subfield>
   <subfield code="d">NYG</subfield>
   <subfield code="d">AIP</subfield>
   <subfield code="d">OCL</subfield>
   <subfield code="d">NSD</subfield>
   <subfield code="d">DLC</subfield>
   <subfield code="d">NST</subfield>
   <subfield code="d">OCL</subfield>
   <subfield code="d">MYG</subfield>
   <subfield code="d">NST</subfield>
   <subfield code="d">CUY</subfield>
   <subfield code="d">NCTS LIBRARY</subfield>
  </datafield>
  <datafield tag="042" ind1=" " ind2=" ">
   <subfield code="a">nsdp</subfield>
   <subfield code="a">lc</subfield>
  </datafield>
  <datafield tag="210" ind1="0" ind2=" ">
   <subfield code="a">Traffic eng.</subfield>
  </datafield>
  <datafield tag="222" ind1=" " ind2="0">
   <subfield code="a">Traffic engineering.</subfield>
  </datafield>
  <datafield tag="245" ind1="0" ind2="0">
   <subfield code="a">Traffic engineering</subfield>
   <subfield code="b">official publication of the Institute of Traffic Engineers.</subfield>
  </datafield>
  <datafield tag="264" ind1=" " ind2="1">
   <subfield code="a">[New York, N.Y.</subfield>
   <subfield code="b">Institute of Traffic Engineers</subfield>
  </datafield>
  <datafield tag="300" ind1=" " ind2=" ">
   <subfield code="a">40 v.</subfield>
   <subfield code="b">ill.</subfield>
   <subfield code="c">28 cm.</subfield>
  </datafield>
  <datafield tag="310" ind1=" " ind2=" ">
   <subfield code="a">Monthly.</subfield>
  </datafield>
  <datafield tag="362" ind1="1" ind2=" ">
   <subfield code="a">Began with: Vol. 8, no. 7 (Nov. 1937); ceased with: v. 47, no. 5 (May 1977).</subfield>
  </datafield>
  <datafield tag="500" ind1=" " ind2=" ">
   <subfield code="a">Published: Arlington, Va. : Institute of Transportation Engineers, &lt;Jan. 1976-Dec. 1976&gt;</subfield>
  </datafield>
  <datafield tag="500" ind1=" " ind2=" ">
   <subfield code="a">Description based on: Vol. 12, no. 1 (May 1941); title from cover.</subfield>
  </datafield>
  <datafield tag="510" ind1="0" ind2=" ">
   <subfield code="a">ABI/INFORM</subfield>
   <subfield code="b">Sept. 1972-Apr. 1973.</subfield>
  </datafield>
  <datafield tag="510" ind1="0" ind2=" ">
   <subfield code="a">Engineering index annual</subfield>
   <subfield code="x">0360-8557.</subfield>
  </datafield>
  <datafield tag="510" ind1="0" ind2=" ">
   <subfield code="a">Engineering index monthly</subfield>
   <subfield code="x">0013-7960.</subfield>
  </datafield>
  <datafield tag="515" ind1=" " ind2=" ">
   <subfield code="a">Vol. 10, no. 1-6 wrongly numbered v. 9, no. 13-18.</subfield>
  </datafield>
  <datafield tag="550" ind1=" " ind2=" ">
   <subfield code="a">Vols. for 1937-Nov. 1975 issued by the Institute of Traffic Engineers; Dec. 1975-&lt;Dec. 1976&gt; by the Institute of Transportation Engineers.</subfield>
  </datafield>
  <datafield tag="650" ind1=" " ind2="0">
   <subfield code="a">Traffic engineering</subfield>
   <subfield code="v">Periodicals.</subfield>
  </datafield>
  <datafield tag="710" ind1="2" ind2=" ">
   <subfield code="a">Institute of Traffic Engineers.</subfield>
  </datafield>
  <datafield tag="710" ind1="2" ind2=" ">
   <subfield code="a">Institute of Transportation Engineers.</subfield>
  </datafield>
  <datafield tag="780" ind1="0" ind2="0">
   <subfield code="t">Traffic digest (New York, N.Y.).</subfield>
  </datafield>
  <datafield tag="785" ind1="0" ind2="0">
   <subfield code="t">Transportation engineering (1977)</subfield>
   <subfield code="x">0148-0170.</subfield>
  </datafield>
  <datafield tag="856" ind1="4" ind2=" ">
   <subfield code="z">Request an article from NRLF (photocopy or web delivery)</subfield>
   <subfield code="u">https://sunsite2.berkeley.edu/NRLF_article?rec=b11983508</subfield>
  </datafield>
  <datafield tag="852" ind1="1" ind2=" ">
   <subfield code="a">UPD</subfield>
   <subfield code="b">NCTS</subfield>
  </datafield>
  <datafield tag="942" ind1=" " ind2=" ">
   <subfield code="a">Continuing Resource</subfield>
  </datafield>
 </record>
</collection>
